Normal view
MARC view
- Streaming technology (Telecommunications)
Entry Topical Term
001 - CONTROL NUMBER
- control field: 95643
003 - CONTROL NUMBER IDENTIFIER
- control field: NUST
005 - DATE AND TIME OF LATEST TRANSACTION
- control field: 20220728125422.0
008 - FIXED-LENGTH DATA ELEMENTS
- fixed length control field: 220728|| aca||aabn | a|a d
040 ## - CATALOGING SOURCE
- Original cataloging agency: NUST
- Transcribing agency: NUST
150 ## - HEADING--TOPICAL TERM
- Topical term or geographic name entry element: Streaming technology (Telecommunications)
670 ## - SOURCE DATA FOUND
- Source citation: Work cat.: (NUST)174913: Zink, Michael. 95641, Scalable Video on Demand :, c2005.
